Jose Sancho en el INBioparque/ (Record no. 2668)

MARC details
000 -LEADER
campo de control de longitud fija 00512nam a2200169 4500
003 - IDENTIFICADOR DE NÚMERO DE CONTROL
campo de control OSt
005 - FECHA Y HORA DE LA ÚLTIMA TRANSACCIÓN
campo de control 20221116171321.0
008 - DATOS DE LONGITUD FIJA--INFORMACIÓN GENERAL
campo de control de longitud fija 221111b |||||||| |||| 00| 0 eng d
040 ## - FUENTE DE CATALOGACIÓN
Centro/agencia transcriptor Biblioteca Lado V
082 ## - NÚMERO DE LA CLASIFICACIÓN DECIMAL DEWEY
Número de clasificación 730.92
Número de ítem I59j
110 ## - ENTRADA PRINCIPAL--NOMBRE DE ENTIDAD CORPORATIVA
9 (RLIN) 450
Nombre de entidad corporativa o nombre de jurisdicción como elemento de entrada INBio | Instituto Nacional de Biodiversidad
Término indicativo de función/relación autor
245 ## - MENCIÓN DEL TÍTULO
Título Jose Sancho en el INBioparque/
260 ## - PUBLICACIÓN, DISTRIBUCIÓN, ETC.
Fecha de publicación, distribución, etc. 2002
Lugar de publicación, distribución, etc. Costa Rica
Nombre del editor, distribuidor, etc. INBioparque
300 ## - DESCRIPCIÓN FÍSICA
Extensión 75p.
Dimensiones 23x27cm
700 ## - ENTRADA AGREGADA--NOMBRE PERSONAL
Nombre de persona Salas, Carlos
Término indicativo de función/relación autor
942 ## - ELEMENTOS DE ENTRADA SECUNDARIOS (KOHA)
Fuente del sistema de clasificación o colocación Clasificación Decimal Dewey
Tipo de ítem Koha Libros
Parte de la signatura que corresponde a la clasificación (Parte de la clasificación) 730.92
Parte de la signatura que identifica el ejemplar (Parte del ítem) I59j
Suprimir en OPAC No
Holdings
Estatus retirado Estado de pérdida Fuente del sistema de clasificación o colocación Estado de daño No para préstamo Biblioteca de origen Biblioteca actual Fecha de adquisición Número de inventario Total de préstamos Signatura topográfica completa Código de barras Visto por última vez Precio de reemplazo Tipo de ítem Koha
    Clasificación Decimal Dewey     Biblioteca LadoV Biblioteca LadoV 16/11/2022 001116   730.92 I59j 001116 16/11/2022 16/11/2022 Libros